<?xml version="1.0" encoding="UTF-8"?>
<record
    xmlns:xsi="http://www.w3.org/2001/XMLSchema-instance"
    xsi:schemaLocation="http://www.loc.gov/MARC21/slim http://www.loc.gov/standards/marcxml/schema/MARC21slim.xsd"
    xmlns="http://www.loc.gov/MARC21/slim">

  <leader>02112nam a22005650a 4500</leader>
  <datafield tag="999" ind1=" " ind2=" ">
    <subfield code="c">23048</subfield>
    <subfield code="d">23048</subfield>
  </datafield>
  <controlfield tag="001">vtls010477072</controlfield>
  <controlfield tag="005">20220114133557.0</controlfield>
  <controlfield tag="008">180601s2012    xo hao  r     000   slo  </controlfield>
  <datafield tag="020" ind1=" " ind2=" ">
    <subfield code="a">9788097068813</subfield>
    <subfield code="q">(viaz.)</subfield>
  </datafield>
  <datafield tag="035" ind1=" " ind2=" ">
    <subfield code="a">3159CB8C-0A58-477C-97CF-F3E9DD4FC283</subfield>
  </datafield>
  <datafield tag="035" ind1=" " ind2=" ">
    <subfield code="a">urn:nbn:sk:snk-am3h5gp</subfield>
  </datafield>
  <datafield tag="035" ind1=" " ind2=" ">
    <subfield code="a">urn:nbn:sk:snk-am00cnrr</subfield>
  </datafield>
  <datafield tag="040" ind1=" " ind2=" ">
    <subfield code="a">SVKBB</subfield>
    <subfield code="b">slo</subfield>
    <subfield code="c">SVKBB</subfield>
    <subfield code="d">SNK</subfield>
    <subfield code="e">AACR2</subfield>
  </datafield>
  <datafield tag="041" ind1="0" ind2=" ">
    <subfield code="a">slo</subfield>
  </datafield>
  <datafield tag="044" ind1=" " ind2=" ">
    <subfield code="a">xo</subfield>
    <subfield code="c">SK</subfield>
  </datafield>
  <datafield tag="072" ind1=" " ind2="7">
    <subfield code="a">133</subfield>
    <subfield code="x">Ezoterizmus. Okultizmus</subfield>
    <subfield code="2">konspekt</subfield>
  </datafield>
  <datafield tag="080" ind1=" " ind2=" ">
    <subfield code="a">2-167.2</subfield>
    <subfield code="2">2001</subfield>
  </datafield>
  <datafield tag="080" ind1=" " ind2=" ">
    <subfield code="a">008"73"</subfield>
    <subfield code="2">2001</subfield>
  </datafield>
  <datafield tag="080" ind1=" " ind2=" ">
    <subfield code="a">930.85</subfield>
    <subfield code="2">2001</subfield>
  </datafield>
  <datafield tag="080" ind1=" " ind2=" ">
    <subfield code="a">133</subfield>
    <subfield code="2">2001</subfield>
  </datafield>
  <datafield tag="080" ind1=" " ind2=" ">
    <subfield code="a">159.96</subfield>
    <subfield code="2">2001</subfield>
  </datafield>
  <datafield tag="080" ind1=" " ind2=" ">
    <subfield code="a">2-12/-17-264-027.14</subfield>
    <subfield code="2">2001</subfield>
  </datafield>
  <datafield tag="080" ind1=" " ind2=" ">
    <subfield code="a">159.964.21</subfield>
    <subfield code="2">2001</subfield>
  </datafield>
  <datafield tag="080" ind1=" " ind2=" ">
    <subfield code="a">159.961-022.358</subfield>
    <subfield code="2">2001</subfield>
  </datafield>
  <datafield tag="080" ind1=" " ind2=" ">
    <subfield code="a">(048.8)</subfield>
    <subfield code="2">2001</subfield>
  </datafield>
  <datafield tag="100" ind1="1" ind2=" ">
    <subfield code="a">P&#xE1;le&#x161;, Emil</subfield>
    <subfield code="d">1966-</subfield>
    <subfield code="9">2489</subfield>
  </datafield>
  <datafield tag="245" ind1="1" ind2="0">
    <subfield code="a">Angelol&#xF3;gia dej&#xED;n</subfield>
    <subfield code="n">2</subfield>
    <subfield code="p">Synchronicita  a periodicita v dejin&#xE1;ch</subfield>
    <subfield code="c">Emil P&#xE1;le&#x161;</subfield>
  </datafield>
  <datafield tag="246" ind1="3" ind2="0">
    <subfield code="a">Synchronicita  a periodicita  v dejin&#xE1;ch</subfield>
  </datafield>
  <datafield tag="260" ind1=" " ind2=" ">
    <subfield code="a">Bratislava</subfield>
    <subfield code="b">Sophia</subfield>
    <subfield code="c">2012</subfield>
  </datafield>
  <datafield tag="300" ind1=" " ind2=" ">
    <subfield code="a">S. 489-1032</subfield>
    <subfield code="b">fotogr., faksim., grafy</subfield>
    <subfield code="c">31 cm</subfield>
  </datafield>
  <datafield tag="490" ind1="1" ind2=" ">
    <subfield code="a">Z&#xE1;klady duchovnej vedy</subfield>
    <subfield code="v">zv. 3</subfield>
  </datafield>
  <datafield tag="650" ind1="0" ind2="7">
    <subfield code="a">anjeli</subfield>
    <subfield code="x">ezoterick&#xE9; ch&#xE1;panie</subfield>
    <subfield code="2">SNKPH</subfield>
    <subfield code="9">2494</subfield>
  </datafield>
  <datafield tag="650" ind1="0" ind2="7">
    <subfield code="a">hierarchia anjelov</subfield>
    <subfield code="x">ezoterick&#xE9; ch&#xE1;panie</subfield>
    <subfield code="2">SNKPH</subfield>
    <subfield code="9">2495</subfield>
  </datafield>
  <datafield tag="650" ind1="0" ind2="7">
    <subfield code="a">civiliza&#x10D;n&#xE9; cykly</subfield>
    <subfield code="x">ezoterick&#xE9; ch&#xE1;panie</subfield>
    <subfield code="2">SNKPH</subfield>
    <subfield code="9">2496</subfield>
  </datafield>
  <datafield tag="650" ind1="0" ind2="7">
    <subfield code="a">kult&#xFA;rne dejiny</subfield>
    <subfield code="x">ezoterick&#xE9; ch&#xE1;panie</subfield>
    <subfield code="2">SNKPH</subfield>
    <subfield code="9">2497</subfield>
  </datafield>
  <datafield tag="650" ind1="0" ind2="7">
    <subfield code="a">kolekt&#xED;vne nevedomie</subfield>
    <subfield code="2">SNKPH</subfield>
    <subfield code="9">2498</subfield>
  </datafield>
  <datafield tag="650" ind1="0" ind2="7">
    <subfield code="a">archetypy (psychol&#xF3;gia)</subfield>
    <subfield code="2">SNKPH</subfield>
    <subfield code="9">2499</subfield>
  </datafield>
  <datafield tag="650" ind1="0" ind2="7">
    <subfield code="a">synchronicita</subfield>
    <subfield code="2">SNKPH</subfield>
    <subfield code="9">2500</subfield>
  </datafield>
  <datafield tag="650" ind1="0" ind2="7">
    <subfield code="a">Angels</subfield>
    <subfield code="x">esoteric approach</subfield>
    <subfield code="2">SNKPHeng</subfield>
    <subfield code="9">2501</subfield>
  </datafield>
  <datafield tag="650" ind1="0" ind2="7">
    <subfield code="a">Hierarchy of angels</subfield>
    <subfield code="x">esoteric approach</subfield>
    <subfield code="2">SNKPHeng</subfield>
    <subfield code="9">2502</subfield>
  </datafield>
  <datafield tag="650" ind1="0" ind2="7">
    <subfield code="a">Cycles of civilization</subfield>
    <subfield code="x">esoteric approach</subfield>
    <subfield code="2">SNKPHeng</subfield>
    <subfield code="9">2503</subfield>
  </datafield>
  <datafield tag="650" ind1="0" ind2="7">
    <subfield code="a">Cultural history</subfield>
    <subfield code="x">esoteric approach</subfield>
    <subfield code="2">SNKPHeng</subfield>
    <subfield code="9">2504</subfield>
  </datafield>
  <datafield tag="650" ind1="0" ind2="7">
    <subfield code="a">Collective unconsciousness</subfield>
    <subfield code="2">SNKPHeng</subfield>
    <subfield code="9">2505</subfield>
  </datafield>
  <datafield tag="650" ind1="0" ind2="7">
    <subfield code="a">Archetypes</subfield>
    <subfield code="2">SNKPHeng</subfield>
    <subfield code="9">2506</subfield>
  </datafield>
  <datafield tag="650" ind1="0" ind2="7">
    <subfield code="a">Synchronicity</subfield>
    <subfield code="2">SNKPHeng</subfield>
    <subfield code="9">2507</subfield>
  </datafield>
  <datafield tag="655" ind1=" " ind2="7">
    <subfield code="a">monografie</subfield>
    <subfield code="2">SNKPH</subfield>
    <subfield code="9">1661</subfield>
  </datafield>
  <datafield tag="655" ind1=" " ind2="7">
    <subfield code="a">Monographs</subfield>
    <subfield code="2">SNKPHeng</subfield>
    <subfield code="9">1662</subfield>
  </datafield>
  <datafield tag="958" ind1=" " ind2=" ">
    <subfield code="a">NB</subfield>
  </datafield>
  <datafield tag="952" ind1=" " ind2=" ">
    <subfield code="0">0</subfield>
    <subfield code="1">0</subfield>
    <subfield code="2">udc</subfield>
    <subfield code="4">0</subfield>
    <subfield code="7">0</subfield>
    <subfield code="8">D</subfield>
    <subfield code="a">10000</subfield>
    <subfield code="b">10000</subfield>
    <subfield code="d">2022-01-14</subfield>
    <subfield code="i">21395</subfield>
    <subfield code="l">1</subfield>
    <subfield code="o">S1501</subfield>
    <subfield code="p">S1501</subfield>
    <subfield code="r">2022-05-24</subfield>
    <subfield code="s">2022-05-03</subfield>
    <subfield code="w">2022-01-14</subfield>
    <subfield code="y">OLDO</subfield>
  </datafield>
</record>
